Communauté d'agglomération Maubeuge Val de Sambre - Statistiques

Statistiques générales
  • Ce quiz a été pris 36 fois
  • Le résultat moyen est 17 sur 43
Réponses sur la Carte
Les réponses sont colorées sur une échelle allant du rouge au vert en fonction du pourcentage des utilisateurs qui les ont devinées à leur premier essai. Vous pouvez retrouver ces pourcentages ci-dessous.
 
Statistiques - réponses
Communes % Correct
Maubeuge
96%
Jeumont
89%
Hautmont
82%
Louvroil
75%
Feignies
71%
Boussois
64%
Assevent
61%
Vieux Mesnil
57%
Aulnoye Aymeries
54%
Ferrière la Grande
54%
Ferrière la Petite
54%
Mairieux
54%
Marpent
54%
Neuf Mesnil
54%
Rousies
54%
Saint Remy du Nord
46%
Bachant
43%
Colleret
43%
Pont sur Sambre
43%
Recquignies
43%
Cousolre
39%
Elesmes
36%
Beaufort
32%
Berlaimont
32%
Bettignies
32%
Leval
32%
Boussières sur Sambre
29%
Villers Sire Nicole
29%
Cerfontaine
25%
Gognies Chaussée
25%
Vieux Reng
25%
Limont Fontaine
21%
Obrechies
21%
Bersillies
18%
Bousignies sur Roc
14%
Eclaibes
14%
Ecuélin
14%
Monceau Saint Waast
14%
Noyelles sur Sambre
14%
Saint Remy Chaussée
14%
Sassegnies
14%
Aibes
11%
Quiévelon
11%
Aucun quiz correspondant
Distribution des résultats
% des personnes avec chaque résultat
Percentile par nombre de réponses
Votre historique - résultats
Vous n’avez pas pris ce quiz